Unión Europea Centroamérica: cambio de escenarios /

Furkejuvvon:
Bibliográfalaš dieđut
Váldodahkki: Morales Gamboa, Abelardo
Eará dahkkit: coord
Materiálatiipa: Dovdameahttun
Almmustuhtton: San José: FLACSO. Programa Costa Rica
Fáttát:
Fáddágilkorat: Lasit fáddágilkoriid
Eai fáddágilkorat, Lasit vuosttaš fáddágilkora!

MARC

LEADER 00000 a2200000 04500
001 11777
003
008 991231s d
040
090 |a 140806  
100 |a Morales Gamboa, Abelardo  
245 |a Unión Europea Centroamérica: cambio de escenarios /  |c Abelardo Morales Gamboa 
260 |a San José:   |b FLACSO. Programa Costa Rica  
300 |a 159 p.  
650 |a POLITICA EXTERIOR  
650 |a POLITICA COMERCIAL INTERNACIONAL  
650 |a POLITICA DEL COMERCIO EXTERIOR  
650 |a CE  
700 |a coord  
999 |c 11013  |d 11013